000
00209 a2200097 4500
001
59195
100
_a
245
_a
Prince and the pauper
260
_a
Spain
_b
MDSBooks/Mediasat
_c
2004
090
_c
36288
_d
36288
942
_a
NUST-CAE
_c
_c
29211
999
_c
294268
_d
294268